000 01310namaa22003131i 4500
005 20260701124715.0
008 260701s1994 ua a|||frm||| 000 0 eng d
040 _aEG-GICUC
_beng
_cEG-GICUC
_dEG-GICUC
_erda
041 0 _aeng
_beng
_bara
049 _aDeposit
097 _aM.Sc
099 _aCai01.11.15.M.Sc.1994.Sa.S
100 0 _aSahar Abd El-Tawab Mohamed,
_epreparation.
245 1 0 _aSerum Magnesium level in preeclampsia /
_b
_cBy Sahar Abd El-Tawab Mohamed ; Supervised Prof. Dr. Hussein Ali Shabaan, Asst. Prof. Dr. Nevine Fouad El-Hefnawi
246 1 5 _aمستوي عنصر الماغنسيوم في الدم في حالات ما قبل التشنج الحملي
264 0 _c1994.
300 _a109 Leaves
_billustrations
_c30 cm. +
336 _2rda content
_atext
337 _2rdamedia
_aUnmediated
338 _2rdacarrier
_avolume
502 _aThesis (M.Sc.)-Cairo University, 1994
504 _aBibliography: pages 89-109
653 0 _apreeclampsia
_aSerum Magnesium level
700 0 _aHussein Ali Shabaan
_ethesis advisor.
700 0 _aNevine Fouad El-Hefnawi
_ethesis advisor.
900 _DDepartment of Obstetrics and Gynecology
_FFaculty of Medicine
_UCairo University
_b1994
_cHussein Ali Shabaan
_cNevine Fouad El-Hefnawi
905 _aNehad
942 _2ddc
_cTH
_e21
_n0
999 _c180679